| 000 | 00467cam a2200193ua 4500 | ||
|---|---|---|---|
| 020 | _cRs 2.00 | ||
| 041 |
_amal _h |
||
| 082 |
_a894.8121 _bKES/KE |
||
| 100 | _aKesava Pillai, K C. | ||
| 245 |
_aKesaveeyam / _cK C Kesava Pillai. _hTextual Documents |
||
| 250 |
_a1 / _b. |
||
| 260 |
_aKozhikode : _bTouring book stall , _c1972. |
||
| 300 | _a98 ; . | ||
| 365 | _aRs 2.00 | ||
| 504 | _a | ||
| 942 | _cBK | ||
| 999 |
_c4025 _d4025 |
||